00415nam a2200145 i 4500001000700000003000900007005001700016007000300033008004100036100002500077245007700102260004600179300002000225852002400245145546ES-MaACL20230906201244.0t|071015s1906 xxk ||||1| eng d1 aVestermarck, Edward.14aThe origin and development of the moral ideas / cby Edward Vestermarck. aLondon : bRichard Clay and Sons, c1906. a2 v. ; c23 cm. aES-MaACLjG-11496-7